التغذية العلاجية لمرضى الكبد / (Record no. 60004)
[ view plain ]
| 000 -الفاتح | |
|---|---|
| حقل البيانات ثابتة الطول | 01115nam a22002897a 4500 |
| 005 - وقت وتاريخ اخر تعامل مع التسجيلة | |
| رقم الضبط | 20240530110347.0 |
| 008 - عناصر البيانات ثابتة الطول - معلومات عامة | |
| حقل البيانات ثابتة الطول | 141211s2010 ua d f b 000 0 ara d |
| 017 ## - رقم الايداع القانونى | |
| رقم الايداع القانونى | 1778/2010 |
| المصدر ( الهيئة المختصة) | مصر . دار الكتب المصرية |
| 020 ## - الرقم الدولى المعيارى للكتب | |
| الرقم الدولى المعيارى للكتاب | 9772583763 |
| 040 ## - مصدر الفهرسة | |
| وكالة الفهرسة الأصلية | EG-CaGPL |
| 041 0# - رمز اللغة | |
| رمز لغة النص/ المسارات الصوتية أو العنوان الانفرادي | ara |
| 082 04 - رقم تصنيف ديوى العشرى | |
| رقم الطبعة | 21 |
| رقم التصنيف | 613.2\ |
| رقم المادة | أ ت |
| 100 0# - المدخل الرئيسى - إسم شخصى | |
| الإسم الشخصى | امينة محمد عبدالمطلب |
| العنوان والكلمات الأخرى المصاحبة للاسم | استشارى التغذية العلاجية |
| 245 12 - بيان العنوان | |
| العنوان | التغذية العلاجية لمرضى الكبد / |
| بيان المسئوليه,etc | اعداد امينة محمد عبدالمطلب |
| 250 ## - بيان الطبعة | |
| بيان الطبعة | ط1 |
| 260 ## - PUBLICATION, DISTRIBUTION, ETC. (IMPRINT) | |
| تاريخ النشر أو التوزيع | 2010 |
| 300 ## - الوصف المادى | |
| التعداد | 123 ص ؛ |
| أبعاد الوعاء | 24 سم |
| 504 ## - تبصرة ببليوجرافية | |
| تبصرة ببليوجرافية,الخ | يشتمل على ارجاعات ببليوجرافية |
| 650 04 - المدخل الاضافى بالموضوع-مصطلح موضوعى | |
| مصطلح موضوعي | التغذية |
| التقسيم الفرعي العام | امراض |
| 650 04 - المدخل الاضافى بالموضوع-مصطلح موضوعى | |
| مصطلح موضوعي | الكبد |
| التقسيم الفرعي العام | امراض |
| 650 04 - المدخل الاضافى بالموضوع-مصطلح موضوعى | |
| مصطلح موضوعي | سوء التغذية |
| 650 04 - المدخل الاضافى بالموضوع-مصطلح موضوعى | |
| مصطلح موضوعي | الكبد |
| التقسيم الفرعي العام | التغذية العلاجية |
| 650 04 - المدخل الاضافى بالموضوع-مصطلح موضوعى | |
| مصطلح موضوعي | الكبد |
| التقسيم الفرعي العام | الجوانب الصحية |
| 650 04 - المدخل الاضافى بالموضوع-مصطلح موضوعى | |
| مصطلح موضوعي | الكبد |
| التقسيم الفرعي العام | سرطان |
| 942 ## - عناصر المدخل الإضافي( كوها) | |
| مصدر التصنيف او مخطط الترفيف | Dewey Decimal Classification |
| Koha [default] item type | كتاب |
| 260 ## - PUBLICATION, DISTRIBUTION, ETC. (IMPRINT) | |
| -- | القاهرة : |
| -- | الدار العربية للنشر والتوزيع ، |
| حالة التراجع | حالة الفقد | حالة تلف | ليس للاعارة | المكان المؤقت | الموقع الحالى | تاريخ الاكتساب | اجمالي اﻻعارات | رقم الطلب | الباركود | تاريخ اخر مشاهدة | تاريخ تفعيل السعر | نوع وعاء كوها |
|---|---|---|---|---|---|---|---|---|---|---|---|---|
| مكتبة القاهرة الكبرى | مكتبة القاهرة الكبرى | 12/11/2014 | 613.2\ أ ت | 158982 | 12/11/2014 | 12/11/2014 | كتاب |

